000 01167nas a2200373 4500
001 BR0300410
003 BR-BrBNA
005 20231205103523.0
007 ta
008 230509b bl.|||p| |||| 00| 00por d
040 _aBR-BrBNA
_bpor
_cBiblioteca Nacional de Agricultura
041 _a(Pt)
072 _aF03; H20
100 1 _aCoutinho, W.M.
100 1 _aMachado, J.C.
100 1 _aVieira, M.G.G.C.
100 1 _aGuimarães, R.M.
100 1 _aFerreira, D.F.
245 1 _aUso da restrição hídrica na inibição ou retardamento da germinação de sementes de arroz e feijão submetidas ao teste de sanidade em meio ágar-água
650 _aARROZ
650 _aFEIJÃO
650 _aTESTE DE SEMENTES
650 _aFUNGO
650 _aSUBSTRATO DE CULTURA
650 _aDOENÇA DE PLANTA
650 _aSOLUÇÃO
650 _aCONTROLE DE QUALIDADE
650 _aGERMINAÇÃO
650 _aINIBIDOR DE GERMINAÇÃO
650 _aMODELO MATEMÁTICO
773 0 _tRevista Brasileira de Sementes (Brazil)
_xISSN 0101-3122
_g(2001), v. 23(2) p. 127-135
_wBR0300410
909 _a202311
_bLúcia
_c55
_dLúcia Elande
942 _2AGRIS
_n0
_cANA
999 _c173306
_d173306